000 00293nam a22001337a 4500
020 _a817826308-4
082 _a823
_bCOL/P
100 _aCARLO COLLODI
245 _aPINOCCHIO
260 _aDELHI
_bROHAN BOOK COMPANY
_c2003
300 _a224
650 _aMODERN ILLUSTRATED CLASSICS
942 _cBK
999 _c326
_d326